| 000 | 00739nam a2200241 a 4500 | ||
|---|---|---|---|
| 001 | 72835 | ||
| 003 | BD-RjUL | ||
| 005 | 20211209082320.0 | ||
| 008 | 170524s1977 caua b 001 0 eng | ||
| 020 | _a0534004903 | ||
| 035 | _a(BD-RjUL)73053 | ||
| 040 |
_aDLC _cDLC _dBD-RjUL _beng |
||
| 041 | _aeng | ||
| 082 | 0 | 0 |
_a570 _223 _bWOB 1977 |
| 100 | 1 |
_aWolfe, Stephen L. _9160212 |
|
| 245 | 1 | 0 |
_aBiology : _bthe foundations / _cStephen L. Wolfe, with a chapter on human ecology by G. Tyler Miller, Jr. |
| 260 |
_aBelmont, Calif. : _bWadsworth Pub. Co., _cc1977. |
||
| 300 |
_axiii, 460 p. : _bill. ; _c26 cm. |
||
| 504 | _aIncludes bibliographies and index. | ||
| 650 | 0 |
_aBiology. _9215428 |
|
| 650 | 2 |
_aBiology. _9215428 |
|
| 942 |
_2ddc _cBK |
||
| 999 |
_c72835 _d72835 |
||